NLSUI OPAC header image

Choice of law in copyright and related rights : Alternatives to the Lexprotectionis (Record no. 30446)

MARC details
000 -LEADER
fixed length control field 02082nam a2200217Ia 4500
003 - CONTROL NUMBER IDENTIFIER
control field OSt
005 - DATE AND TIME OF LATEST TRANSACTION
control field 20220104120007.0
008 - FIXED-LENGTH DATA ELEMENTS--GENERAL INFORMATION
fixed length control field 160316s2003 xxu||||| |||| 00| 0 eng d
020 ## - INTERNATIONAL STANDARD BOOK NUMBER
International Standard Book Number 9789041120717
040 ## - CATALOGING SOURCE
Transcribing agency NLS
082 ## - DEWEY DECIMAL CLASSIFICATION NUMBER
Classification number 346.0482 EEC
100 ## - MAIN ENTRY--PERSONAL NAME
Personal name Eechoud Mireille van
245 ## - TITLE STATEMENT
Title Choice of law in copyright and related rights : Alternatives to the Lexprotectionis
260 ## - PUBLICATION, DISTRIBUTION, ETC.
Place of publication, distribution, etc. The Hague
Name of publisher, distributor, etc. Kluwer Law International
Date of publication, distribution, etc. 2003
300 ## - PHYSICAL DESCRIPTION
Extent 289p
365 ## - TRADE PRICE
Price amount Rs. 8,458
505 ## - FORMATTED CONTENTS NOTE
Formatted contents note Contents:<br/>1. Introduction, <br/>1.1 Conflict of Laws Concerns in Intellectual Property;<br/>1.2 Subject-matter and Scope of this Study;<br/>1.3 Some Words on Terminology;<br/>1.4 Plan;<br/><br/>2 Characteristics of the Choice-of-Law Process;<br/>2.1 Introduction;<br/>2.2 Objectives of Choice of Law;<br/>2.3 The Development of Choice of Law;<br/>2.4 Characteristics of the Present Day Allocation Method;<br/>2.5 Conclusions;<br/><br/>3 Foreigners in International Copyright and Related Rights;<br/>3.1 Introduction;<br/>3.2 Foreign Authors Prior to The Berne Convention;<br/>3.3 The Foreigner in the Berne Convention;<br/>3.4 Post-Berne Convention Copyright and Related Rights Treaties;<br/>3.5 Conclusions;<br/><br/>4 The Choice-of-Law Calibre of Copyright and Related Rights Treaties;<br/>4.1 Introduction;<br/>4.2 Lex Fori;<br/>4.3 Lex Protectionis;<br/>4.4 Lex Originis;<br/>4.5 Conclusions;<br/><br/>5 The Rationale of Copyright and Related Rights Law;<br/>5.1 Introduction;<br/>5.2 Trends in the Information Markets and Technology;<br/>5.3 Legal Characteristics of Copyright and Related Rights;<br/>5.4 Legal Basis of Copyright and Related Rights;<br/>5.5 Policies Underlying Limitations;<br/>5.6 Conclusions;<br/><br/>6 Conflict Rules for Modem Copyright and Related Rights;<br/>6.1 Introduction;<br/>6.2 Existence, Scope and Duration;<br/>6.3 Initial Ownership;<br/>6.4 Transfer of Copyright and Related Rights;<br/>6.5 Infringement;<br/>6.6 Conclusions;<br/>6.7 Effectuating Alternatives to the Lex Protectionis;<br/>APPENDICES;<br/>I Samenvatting;<br/>II Abbreviations;<br/>III Bibliography;<br/>IV Table of cases;<br/>V Index.
650 ## - SUBJECT ADDED ENTRY--TOPICAL TERM
Topical term or geographic name entry element 1. Copyright Law - Related Rights
700 ## - ADDED ENTRY--PERSONAL NAME
Personal name
--
942 ## - ADDED ENTRY ELEMENTS (KOHA)
Source of classification or shelving scheme Dewey Decimal Classification
Koha item type BOOKs
Holdings
Withdrawn status Lost status Damaged status Not for loan Home library Current library Shelving location Date acquired Cost, normal purchase price Total Checkouts Full call number Barcode Date last seen Price effective from Koha item type
        . . Library Compactors 30.05.2017 8458.00   346.0482 EEC 27786 30.05.2017 30.05.2017 BOOKs